[Event "ROM-ch U14 Girls"]
[Site "Baile Felix"]
[Date "2017.02.05"]
[Round "5"]
[White "Bencze, Noemi"]
[Black "Covrig, Larisa Raluca"]
[Result "0-1"]
[WhiteElo "1398"]
[BlackElo "1563"]
[PlyCount "104"]
[EventDate "2017.02.02"]
[EventType "swiss"]
[EventRounds "9"]
[EventCountry "ROU"]
[SourceTitle "CBM 176 Extra"]
[Source "ChessBase"]
[SourceDate "2017.03.02"]
[SourceVersion "1"]
[SourceVersionDate "2017.03.02"]
[SourceQuality "1"]

1. e4 d5 2. exd5 Qxd5 3. Nc3 Qd6 4. Nf3 c6 5. d4 Bg4 6. Be2 Nd7 7. Be3 e6 8. Qd2 Qc7 9. a3 Bd6 10. h3 Bh5 11. Ne4 Bxf3 12. Nxd6+ Qxd6 13. Bxf3 Ngf6 14. Qd3 Nd5 15. Bxd5 cxd5 16. Bd2 Qb6 17. b3 0-0 18. 0-0 Rac8 19. Rab1 Qc6 20. c3 b5 21. Qg3 Kh8 22. f4 Nf6 23. Qd3 Ne4 24. Rf3 f5 25. Ra1 Qb6 26. Rff1 Qa5 27. Rfc1 h6 28. Be1 Qc7 29. g3 Qb6 30. Kg2 Rc6 31. Ra2 Rfc8 32. Kh2 a6 33. Rac2 Qc7 34. Kg2 Kh7 35. Kh2 Qa5 36. c4 Qxa3 37. cxb5 Rxc2+ 38. Rxc2 Rxc2+ 39. Qxc2 axb5 40. b4 Qa1 41. Bf2 Qa4 42. Qb2 Nxf2 43. Qxf2 Qxb4 44. Qe3 Qd6 45. Kg2 Qb6 46. Kf2 b4 47. Ke2 b3 48. Qd3 b2 49. Qb1 Qxd4 50. Kf3 Qe4+ 51. Qxe4 dxe4+ 52. Ke2 b1Q 0-1

[Event "ROM-ch U14 Girls"]
[Site "Baile Felix"]
[Date "2017.02.04"]
[Round "3"]
[White "Bencze, Noemi"]
[Black "Apostu, Milena Maria"]
[Result "0-1"]
[WhiteElo "1398"]
[BlackElo "1467"]
[PlyCount "128"]
[EventDate "2017.02.02"]
[EventType "swiss"]
[EventRounds "9"]
[EventCountry "ROU"]
[SourceTitle "CBM 176 Extra"]
[Source "ChessBase"]
[SourceDate "2017.03.02"]
[SourceVersion "1"]
[SourceVersionDate "2017.03.02"]
[SourceQuality "1"]

1. e4 c5 2. Nf3 Nf6 3. Nc3 Nc6 4. d4 d5 5. exd5 Nxd5 6. Nxd5 Qxd5 7. c4 Qe4+ 8. Be2 cxd4 9. 0-0 g6 10. Ng5 Qe5 11. Bf3 Bg7 12. Bxc6+ bxc6 13. Nf3 Qd6 14. Qd2 0-0 15. b3 e5 16. Bb2 c5 17. Rfe1 Bb7 18. Qe2 Qc6 19. Rab1 e4 20. Nd2 f5 21. a3 a5 22. Ba1 Be5 23. b4 axb4 24. axb4 cxb4 25. Qd1 Qd6 26. h3 e3 27. fxe3 Bh2+ 28. Kf1 Qg3 29. Nf3 dxe3 30. Qe2 Bxf3 31. Qxf3 Qxf3+ 32. gxf3 Rfe8 33. Bd4 Bf4 34. Rxb4 Ra2 35. Re2 Rd2 36. Rb3 Rxd4 37. Rc3 Red8 38. Rcc2 Rc8 39. c5 Rd5 40. Rc4 Rd1+ 41. Re1 Rxe1+ 42. Kxe1 g5 43. c6 Kf7 44. Rc5 Ke6 45. Ke2 Bd6 46. Rc4 f4 47. Re4+ Kd5 48. Kd3 Be5 49. Ra4 Rxc6 50. Ra5+ Kd6 51. Rb5 Rc3+ 52. Ke2 Rc2+ 53. Ke1 Bc3+ 54. Kd1 Rd2+ 55. Kc1 e2 56. Rb6+ Kc5 57. Re6 Rd1+ 58. Kc2 e1Q 59. Rxe1 Rxe1 60. Kxc3 Re3+ 61. Kd2 Kd4 62. Kd1 Kd3 63. Kc1 Kc3 64. Kb1 Re2 0-1

[Event "ROM-ch U12 Girls"]
[Site "Calimanesti"]
[Date "2015.04.01"]
[Round "3"]
[White "Bencze, Noemi"]
[Black "Pop, Ioana Cecilia"]
[Result "1-0"]
[WhiteElo "1262"]
[BlackElo "1099"]
[PlyCount "79"]
[EventDate "2015.03.30"]
[EventType "swiss"]
[EventRounds "9"]
[EventCountry "ROU"]
[SourceTitle "CBM 165 Extra"]
[Source "ChessBase"]
[SourceDate "2015.04.21"]
[SourceVersion "1"]
[SourceVersionDate "2015.04.21"]
[SourceQuality "1"]

1. e4 c5 2. c4 Nf6 3. Nc3 d6 4. g3 Nc6 5. Bg2 e6 6. Nge2 Bd7 7. 0-0 Qc7 8. d3 g6 9. h3 Bg7 10. Be3 0-0 11. Qd2 Rad8 12. f4 Rfe8 13. g4 h5 14. Nb5 Qb8 15. g5 Nh7 16. h4 a6 17. Nbc3 Qc7 18. Rab1 f6 19. Ng3 f5 20. Kh2 Rf8 21. d4 cxd4 22. Bxd4 Nxd4 23. exf5 exf5 24. Nd5 Qb8 25. Ne7+ Kf7 26. Rfe1 Bc6 27. Nxh5 Bxg2 28. Kxg2 Bh8 29. Ng3 Rde8 30. Qe3 Qd8 31. Nexf5 gxf5 32. g6+ Kg7 33. Qxd4+ Nf6 34. Nxf5+ Kxg6 35. Ng3 Rxe1 36. Rxe1 Nh5 37. Qe4+ Kh6 38. Nf5+ Kh7 39. Ne7+ Kg7 40. Qg6# 1-0

[Event "ROM-ch U12 Girls"]
[Site "Calimanesti"]
[Date "2014.04.13"]
[Round "9"]
[White "Bencze, Noemi"]
[Black "Apostu, Milena Maria"]
[Result "1-0"]
[WhiteElo "1245"]
[BlackElo "1090"]
[PlyCount "117"]
[EventDate "2014.04.06"]
[EventType "swiss"]
[EventRounds "9"]
[EventCountry "ROU"]
[SourceTitle "CBM 160 Extra"]
[Source "ChessBase"]
[SourceDate "2014.07.01"]
[SourceVersion "1"]
[SourceVersionDate "2014.07.01"]
[SourceQuality "1"]

1. e4 c5 2. c4 Nc6 3. Nc3 g6 4. g3 Bg7 5. Bg2 d6 6. Nge2 e6 7. d3 Nge7 8. Be3 Nd4 9. Qd2 0-0 10. 0-0 Bd7 11. f4 b5 12. e5 Nxe2+ 13. Qxe2 Bc6 14. exd6 Qxd6 15. Bxc6 Qxc6 16. Nxb5 a6 17. Nc3 a5 18. Rab1 a4 19. Ne4 Ra5 20. Qf2 Rc8 21. Nxc5 Rxc5 22. Bxc5 Qxc5 23. Qxc5 Rxc5 24. b4 Rc8 25. b5 a3 26. Rb3 Bd4+ 27. Kg2 Nf5 28. Kf3 Bc5 29. Ke4 Nd4 30. Rf2 Nxb5 31. Rc2 Nd4 32. Rd2 f5+ 33. Ke5 Nf3+ 34. Kxe6 Nxd2 35. Rb5 Nf3 36. Kd7 Rf8 37. Rxc5 Rf7+ 38. Kc6 Nd4+ 39. Kd5 Rd7+ 40. Ke5 Nf3+ 41. Ke6 Ra7 42. Rc8+ Kg7 43. Kd6 Ra6+ 44. Rc6 Ra8 45. Rc7+ Kg8 46. Kd7 Kg7 47. Kd6+ Kg8 48. c5 Nd4 49. Rb7 Rd8+ 50. Rd7 Nb5+ 51. Ke7 Rxd7+ 52. Kxd7 Kf7 53. c6 Na7 54. c7 Kf6 55. d4 Kf7 56. d5 Kf6 57. d6 Kf7 58. c8Q Nxc8 59. Kxc8 1-0

[Event "ROM-ch U12 Girls"]
[Site "Calimanesti"]
[Date "2014.04.10"]
[Round "6"]
[White "Sarbu, Adela"]
[Black "Bencze, Noemi"]
[Result "0-1"]
[WhiteElo "1348"]
[BlackElo "1245"]
[PlyCount "64"]
[EventDate "2014.04.06"]
[EventType "swiss"]
[EventRounds "9"]
[EventCountry "ROU"]
[SourceTitle "CBM 160 Extra"]
[Source "ChessBase"]
[SourceDate "2014.07.01"]
[SourceVersion "1"]
[SourceVersionDate "2014.07.01"]
[SourceQuality "1"]

1. d4 Nf6 2. e3 e6 3. f4 c5 4. Bd3 cxd4 5. exd4 d5 6. Nf3 Nc6 7. c3 Bd6 8. Ne5 Bd7 9. Nd2 a6 10. Ndf3 h6 11. Bd2 Qc7 12. Qe2 Be7 13. 0-0 0-0 14. Nxd7 Qxd7 15. Ne5 Qc7 16. Be1 Rac8 17. Bh4 Qd8 18. Bxf6 Bxf6 19. Qh5 Nxe5 20. fxe5 Bg5 21. Qe2 b5 22. a3 Qb6 23. Rf3 f5 24. exf6 Bxf6 25. Re1 e5 26. Bf5 Rfd8 27. Rh3 exd4 28. Be6+ Kh8 29. cxd4 Qxd4+ 30. Kh1 Qxb2 31. Rd3 Qxe2 32. Rxe2 Rc1+ 0-1

[Event "ROM-ch U10 Girls"]
[Site "Calimanesti"]
[Date "2013.04.05"]
[Round "6"]
[White "Bencze, Noemi"]
[Black "Lazar, Irina Maria"]
[Result "1-0"]
[WhiteElo "1296"]
[BlackElo "1053"]
[PlyCount "71"]
[EventDate "2013.04.02"]
[EventType "swiss"]
[EventRounds "9"]
[EventCountry "ROU"]
[SourceTitle "CBM 153 Extra"]
[Source "ChessBase"]
[SourceDate "2013.04.22"]
[SourceVersion "1"]
[SourceVersionDate "2013.04.22"]
[SourceQuality "1"]

1. e4 e5 2. Nf3 Nf6 3. Bc4 h6 4. d4 Nc6 5. d5 Na5 6. Bd3 c6 7. c4 Qb6 8. b3 Ng4 9. Qe2 Bc5 10. Be3 Bd4 11. Bxd4 exd4 12. 0-0 d6 13. Nbd2 c5 14. h3 Nf6 15. e5 dxe5 16. Qxe5+ Be6 17. dxe6 fxe6 18. Bf5 0-0 19. Qxe6+ Qxe6 20. Bxe6+ Kh8 21. Nh4 Rfe8 22. Rfe1 Rad8 23. Ng6+ Kh7 24. Bf5 Nc6 25. Ne7+ Kh8 26. Nxc6 bxc6 27. Re5 Rg8 28. Rxc5 g6 29. Rxc6 Kg7 30. Rc7+ Kh8 31. Bd3 Ne8 32. Rxa7 Nd6 33. Re1 Nf5 34. Bxf5 gxf5 35. Ree7 d3 36. Rh7# 1-0

[Event "ROM-ch U10 Girls"]
[Site "Calimanesti"]
[Date "2013.04.03"]
[Round "3"]
[White "Bencze, Noemi"]
[Black "Dumitru, Silvia Alexandra"]
[Result "1/2-1/2"]
[WhiteElo "1296"]
[BlackElo "1034"]
[PlyCount "105"]
[EventDate "2013.04.02"]
[EventType "swiss"]
[EventRounds "9"]
[EventCountry "ROU"]
[SourceTitle "CBM 153 Extra"]
[Source "ChessBase"]
[SourceDate "2013.04.22"]
[SourceVersion "1"]
[SourceVersionDate "2013.04.22"]
[SourceQuality "1"]

1. e4 e5 2. Bc4 Nf6 3. d3 c6 4. Nc3 Bb4 5. Bd2 d5 6. exd5 cxd5 7. Bb3 Bg4 8. f3 Bh5 9. Qe2 Nc6 10. 0-0-0 0-0 11. g4 Bg6 12. h4 h6 13. g5 h5 14. gxf6 Qxf6 15. Nxd5 Qd6 16. Bxb4 Nxb4 17. Nxb4 Qxb4 18. Qxe5 a5 19. Qc3 Qd6 20. a3 b5 21. Ba2 b4 22. Qb3 bxa3 23. Qxa3 Qxa3 24. bxa3 Rae8 25. Bd5 Rc8 26. Be4 f5 27. Bd5+ Kh8 28. f4 Rc3 29. Rh3 Rc7 30. Nf3 Rd7 31. Rd2 Re7 32. Rg3 Bh7 33. Rg1 Rc8 34. Bc4 Rb7 35. Ng5 a4 36. Nxh7 Rc6 37. Rxg7 Rbb6 38. Ra7 Re6 39. Bxe6 Rxe6 40. Ng5 Kg8 41. Nxe6 Kh8 42. Ng7 Kg8 43. Nxf5 Kf8 44. Rxa4 Kf7 45. Nh6+ Kg6 46. Ng8 Kf5 47. Ra5+ Kxf4 48. Rxh5 Ke3 49. Nf6 Kd4 50. Ng4 Kc3 51. Re2 Kd4 52. Re7 Kc3 53. Rd7 1/2-1/2